• 首页
  • 本馆介绍
  • 公告通知
  • 最新文献
  • 馆藏检索
  • 电子资源
  • 读者导购
  • 参考咨询
  • 我的图书馆
  • 登录
  • 详细信息显示
  • 放入我的书架
  • 预约/预借图书
  • 作者相关作品
  • 分类相关作品
  • 丛书相关作品
  • 出版社相关作品

书目信息

  • 表格格式
  • 工作单格式
  • 卡片格式
题名:
加油!我的韩语
    
 
作者: 李芳丽 , 韩晓 编著
分册:  
出版信息: 北京   中国宇航出版社  2016
页数: 273页
开本: 26cm
丛书名:
单 册:
中图分类: H55
科图分类:
主题词: 朝鲜语--chao xian yu--自学参考资料
电子资源:
ISBN: 978-7-5159-1050-5
000 00956nam0 22002651 450
001 0102093648
005 20170402093648.0
010    @a978-7-5159-1050-5@dCNY49.80
100    @a20160918d2016 em y0chiy50 ea
101 0  @achi@akor
102    @aCN@b110000
105    @aa z 001yy
106    @ar
200 1  @a加油!我的韩语@Ajia you wo de han yu@f李芳丽,韩晓编著
210    @a北京@c中国宇航出版社@d2016
215    @a273页@c彩图@d26cm@e附光盘1片
307    @a附光盘:ISBN 978-7-89455-479-6
330    @a本书包括四个单元,共20课。第一单元为语音知识部分,第二单元至第四单元将常用词汇和语法嵌入日常会话场景中,每课由三段会话、一篇短文和对应的译文,以及涉及的单词、语法点构成,针对重点语法配有练习题。
606 0  @a朝鲜语@Achao xian yu@j自学参考资料
610 0  @a韩国语@Ahan guo yu
690    @aH55@v5
701  0 @a李芳丽@Ali fang li@4编著
701  0 @a韩晓@Ahan xiao@4编著
801  0 @aCN@bTANGWEI@c20161122
905    @b0964678-80@dH55@e20@f3
    
    加油!我的韩语/李芳丽,韩晓编著.-北京:中国宇航出版社,2016
    273页:彩图;26cm+附光盘1片
    
    
    ISBN 978-7-5159-1050-5:CNY49.80
    本书包括四个单元,共20课。第一单元为语音知识部分,第二单元至第四单元将常用词汇和语法嵌入日常会话场景中,每课由三段会话、一篇短文和对应的译文,以及涉及的单词、语法点构成,针对重点语法配有练习题。
●
相关链接 在E读中查询图书 在五车中查询图书 在当当中查询图书 在豆瓣中查询图书


正题名:加油!我的韩语     索取号:H55/20         预约/预借

序号 登录号 条形码 馆藏地/架位号 状态 备注
1 0964678   209646784   第二样本阅览室/ [索取号:H55/20] 在馆    
2 0964679   209646793   第四借阅区/ [索取号:H55/20] 在馆    
3 0964680   209646800   第四借阅区/ [索取号:H55/20] 在馆    
唐山师范学院图书馆 欢迎您!
大连网信软件有限公司© 版权所有